000 00438nam a2200181Ia 4500
005 20240823011332.0
008 240823s9999||||xx |||||||||||||| ||und||
041 _aENGLISH
082 _A006.6 N2
100 _a"Vince,John"
245 0 _aComputer graphics
250 _a1st
260 _c1992
_b"The Design Council,London"
500 _aYES
650 _aComputer Graphics
_bInformation Technology
942 _cBK
999 _c161227
_d161227